00358nam a22001457a 450000500170000000800410001702000180005804100080007608200090008410000230009324500580011626000150017430000080018965000150019720160613142754.0160613b xxu||||| |||| 00| 0 eng d a0-471-41253-8 aeng b7248 aMishre, Devendra K aRadio Frequency and Micro wave Communication Circuits bJohn Wiley a559 aManagement